000
00242nam a2200085Ia 4500
245
0
_a
Strategic advertising management
100
_a
Percy, Larry Oxford, 2009 3rd ed
_9
100698
942
_c
BK
008
210818s9999 xx 000 0 und d
999
_c
433249
_d
433248